[Event "Barcelona Sant Marti op-B 21st"]
[Site "Barcelona"]
[Date "2019.07.19"]
[Round "7"]
[White "Garcia Raschke, Hernan"]
[Black "Avila Lopez, Juan"]
[Result "1-0"]
[WhiteElo "1142"]
[BlackElo "1302"]
[PlyCount "59"]
[EventDate "2019.07.13"]
[EventType "swiss"]
[EventRounds "9"]
[EventCountry "ESP"]
[SourceTitle "EXT 2020"]
[Source "ChessBase"]
[SourceDate "2019.10.17"]
[SourceVersion "1"]
[SourceVersionDate "2019.10.17"]
[SourceQuality "1"]

1. e4 e5 2. Nf3 Nc6 3. Bc4 h6 4. d4 exd4 5. Nxd4 Nxd4 6. Qxd4 c5 7. Qd3 d6 8. Be3 Nf6 9. Nc3 Be7 10. 0-0-0 0-0 11. Rhe1 Nd7 12. Nb5 Ne5 13. Qb3 Nxc4 14. Qxc4 Be6 15. Qa4 Bd7 16. Qb3 Qe8 17. Nxd6 Bxd6 18. Rxd6 Rd8 19. Bxc5 b6 20. Ba3 Ba4 21. Rxd8 Bxb3 22. Rxe8 Rxe8 23. axb3 b5 24. c4 Rb8 25. cxb5 Rxb5 26. Kc2 Re5 27. f4 Rh5 28. h3 g6 29. Re3 Rc5+ 30. Bxc5 1-0

[Event "Barcelona Sant Marti op-B 19th"]
[Site "Barcelona"]
[Date "2017.07.17"]
[Round "5"]
[White "Avila Lopez, Juan"]
[Black "Ylla Soro, Rafael"]
[Result "1-0"]
[WhiteElo "1282"]
[BlackElo "1612"]
[PlyCount "35"]
[EventDate "2017.07.13"]
[EventType "swiss"]
[EventRounds "9"]
[EventCountry "ESP"]
[SourceTitle "EXT 2018"]
[Source "ChessBase"]
[SourceDate "2017.10.13"]
[SourceVersion "1"]
[SourceVersionDate "2017.10.13"]
[SourceQuality "1"]

1. d4 f5 2. Nf3 Nf6 3. Bg5 e6 4. Nc3 Be7 5. e3 b6 6. Bd3 Bb7 7. 0-0 0-0 8. Re1 Nc6 9. e4 fxe4 10. Nxe4 Nxe4 11. Bxe4 Bxg5 12. d5 exd5 13. Qxd5+ Kh8 14. Nxg5 Qf6 15. Nxh7 Qxf2+ 16. Kh1 Na5 17. Qh5 Bxe4 18. Nf6+ 1-0

[Event "Barcelona Sant Marti op-B 19th"]
[Site "Barcelona"]
[Date "2017.07.16"]
[Round "4"]
[White "Tortosa Moros, Joan"]
[Black "Avila Lopez, Juan"]
[Result "1-0"]
[WhiteElo "1672"]
[BlackElo "1282"]
[PlyCount "51"]
[EventDate "2017.07.13"]
[EventType "swiss"]
[EventRounds "9"]
[EventCountry "ESP"]
[SourceTitle "EXT 2018"]
[Source "ChessBase"]
[SourceDate "2017.10.13"]
[SourceVersion "1"]
[SourceVersionDate "2017.10.13"]
[SourceQuality "1"]

1. e4 e5 2. Nf3 Nc6 3. Bb5 a6 4. Ba4 Nf6 5. d3 d5 6. Nxe5 Qd6 7. Nxc6 bxc6 8. 0-0 Bd7 9. e5 Qb4 10. c3 Bg4 11. Bxc6+ Kd8 12. cxb4 Bxd1 13. Bxa8 Ng4 14. Rxd1 Bxb4 15. Bxd5 Nxe5 16. d4 Ng4 17. f3 Nf6 18. Bxf7 Ke7 19. Bb3 Rd8 20. Bg5 Kf8 21. Bxf6 gxf6 22. Nc3 c6 23. Ne4 Kg7 24. Rac1 f5 25. Ng5 c5 26. Ne6+ 1-0

[Event "Barcelona Sant Marti op 6th"]
[Site "Barcelona"]
[Date "2017.02.02"]
[Round "4"]
[White "Avila Lopez, Juan"]
[Black "Rovira Puig, Ricardo"]
[Result "0-1"]
[WhiteElo "1348"]
[BlackElo "1166"]
[PlyCount "75"]
[EventDate "2017.01.12"]
[EventType "swiss"]
[EventRounds "9"]
[EventCountry "ESP"]
[SourceTitle "EXT 2018"]
[Source "ChessBase"]
[SourceDate "2017.10.13"]
[SourceVersion "1"]
[SourceVersionDate "2017.10.13"]
[SourceQuality "1"]

1. d4 e6 2. c4 Nf6 3. Nc3 d5 4. Nf3 c5 5. e3 Be7 6. Bd3 Nc6 7. 0-0 Qc7 8. Re1 a6 9. dxc5 Bxc5 10. h3 0-0 11. cxd5 exd5 12. e4 Be6 13. e5 Nh5 14. g4 Qb6 15. Kg2 Rae8 16. Na4 Qa7 17. Nxc5 Qxc5 18. gxh5 Nb4 19. Be3 Qc8 20. Rc1 Bxh3+ 21. Kh2 Nc6 22. Bc5 Qg4 23. Rg1 Qxh5 24. Ng5 Bg4+ 25. Kg3 Bxd1 26. Rcxd1 Qxg5+ 27. Kh2 Qxe5+ 28. Kg2 Ne7 29. Rge1 Qg5+ 30. Kf1 Nf5 31. Bxf8 Rxf8 32. Re5 Ng3+ 33. fxg3 Qxe5 34. b3 b5 35. Kg2 f5 36. Rf1 Rf6 37. Rh1 Rh6 38. Rc1 0-1

[Event "Barcelona Sant Marti op 6th"]
[Site "Barcelona"]
[Date "2017.01.19"]
[Round "2"]
[White "Serentill Tost, Eduard"]
[Black "Avila Lopez, Juan"]
[Result "1-0"]
[WhiteElo "1700"]
[BlackElo "1348"]
[PlyCount "73"]
[EventDate "2017.01.12"]
[EventType "swiss"]
[EventRounds "9"]
[EventCountry "ESP"]
[SourceTitle "EXT 2018"]
[Source "ChessBase"]
[SourceDate "2017.10.13"]
[SourceVersion "1"]
[SourceVersionDate "2017.10.13"]
[SourceQuality "1"]

1. e4 e5 2. Nf3 Nc6 3. Bb5 Nf6 4. 0-0 Bc5 5. c3 a6 6. Ba4 0-0 7. d4 Ba7 8. Re1 b5 9. Bc2 exd4 10. cxd4 d6 11. h3 Re8 12. a3 Bb7 13. Nc3 b4 14. axb4 Nxb4 15. Bb1 c6 16. Bg5 h6 17. Bh4 Qb6 18. Bxf6 gxf6 19. Qd2 Kg7 20. Nh4 Bc8 21. Rd1 d5 22. Qf4 Bb8 23. Nf5+ Bxf5 24. Qxf5 Rh8 25. e5 c5 26. Na4 Qe6 27. exf6+ Qxf6 28. Qxf6+ Kxf6 29. Nxc5 Kg7 30. Ra4 a5 31. Bf5 Ba7 32. Rxa5 Bxc5 33. Rxa8 Rxa8 34. dxc5 Ra2 35. Rc1 Rxb2 36. c6 Na6 37. c7 1-0